00786nam a2200133 4500008001000000020001800010082001500028100003300043245001400076260007700090300003500167505034400202650010600546779 H557c a9789930964613 a779bH557c aHernández, José Alberto  aCapturas  aSan José, Costa Rica bMuseo de Arte y Diseño Contemporáneo c2018 a68 p. bcol (il) c21 x 14 cm  tPresentación rRocío Fernández de Ulibarri tPresentación rFiorella Resenterra tCapturas rAdriana Collado-Chaves tInventario tR.I.P.tGráfica de encierro tCapturas: lo documental y lo inasible rErnesto Calvo t¿Para quién es la justicia rRoberto Guerrero tCapturasrJosé Alberto Hernández rCurriculum de artista  xarte contemporáneo xarte - fotografía xfotografía - exhibición xfotografía - Costa Rica